000
00277nam a22001097a 4500
040
_c
SY
082
_a
630
100
_a
ស៊ុន សូរិទ្ធ
245
_a
ការគ្រប់គ្រងកសិដ្ឋាន
260
_a
RUA
_b
ស៊ុន
_c
NA
942
_c
KB
999
_c
9774
_d
9774